000 01024cam a2200265 i 4500
003 OSt
005 20250505115148.0
008 061024s2001 ck ao er 000 0 spa d
020 _a9589442846
040 _aCO-BoPUJ
_bspa
_erda
_cCO-BoPUJ
041 0 _aspa
043 _as-ck---
082 0 4 _aA-N
_bTRUr
_223
100 1 _aTrujillo, Luis Gonzalo,
_eautor
_912682
245 1 3 _aEl regreso del infierno :
_bla historia real de Luis Gonzalo Trujillo /
_cLuis Gonzalo Trujillo
250 _aPrimera edición.
260 _aBogotá :
_b[Buena Semilla],
_c[2001].
300 _a233 páginas :
_bilustraciones, [8] páginas de fotos a color ;
_c23 cm.
500 _aIncluye informe especial para padres de familia, jóvenes y educadores.
504 _aEl regreso del infierno -- Mi mensaje -- Informe especial
650 1 4 _aNovela colombiana
_ySiglo XX
_zColombia
_vRelatos personales
_912683
650 2 4 _aDrogadictos
_xRehabilitación
_zColombia
_912684
650 2 4 _aDrogas y jóvenes
_xNovela
_912685
942 _2ddc
_cBK
999 _c7048
_d7048